01467nam a2200433 i 4500001000700000003000800007005001700015006001900032007001500051008004100066020001800107020002700125035002300152035002400175035002200199040003100221050002200252080001500274082001400289100003300303245008400336264003100420300004100451336003100492337003300523338004300556504002900599588012400628610002000752650002100772650002900793650002100822650002400843650002200867651003900889651001600928655002700944856006200971132381FlNmELB20241217180545.0m o d | cr cnu||||||||180726s2018 sp ob 000 0 spa d z9788491484929 a9788491485643 (e-book) a(MiAaPQ)EBC5425934 a(Au-PeEL)EBL5425934 a(OCoLC)1105440135 aFINmELBbspaerdacFINmELB 4aHM1121bI245 2018 a323.1(497)0 a305.82231 aIglesias Velasco, Alfonso J.14aLas Naciones Unidas ante las guerras yugoslavas /cAlfonso J. Iglesias Velasco. 1aMadrid :bDykinson,c2018. a1 recurso en línea (297 páginas) atextobtxt2rdacontent/spa acomputadorabc2rdamedia/spa arecurso en líneabcr2rdacarrier/spa aContiene bibliografía. aDescripción basada en recurso en línea; Título de la página del título en PDF (e-libro, visto July 26, 2018).20aUnited Nations. 0aEthnic conflict. 0aYugoslav War, 1991-1995. 4aNaciones Unidas. 4aConflicto étnico. 4aHistoria europea. 0aYugoslaviaxHistoryy20th century. 4aYugoslavia. 4aLibros electrónicos.40uhttps://elibro.net/ereader/politecnicointernacional/58970